Análisis coyuntural y proceso político. Las Fases del conflicto en Chile 1970 - 1973 /

Αποθηκεύτηκε σε:
Λεπτομέρειες βιβλιογραφικής εγγραφής
Κύριος συγγραφέας: Garretón ., Manuel A.
Συγγραφή απο Οργανισμό/Αρχή: CSUCA. Programa Centroaméricano de Ciencias Sociales
Άλλοι συγγραφείς: Moulian, Tomás
Μορφή: Κείμενο
Έκδοση: San José: EDUCA
Ετικέτες: Προσθήκη ετικέτας
Δεν υπάρχουν, Καταχωρήστε ετικέτα πρώτοι!

MARC

LEADER 00000 a a2200000 04500
001 22171
003
040
090 |a 150200  
100 |a Garretón ., Manuel A.  
110 |a CSUCA. Programa Centroaméricano de Ciencias Sociales  
245 |a Análisis coyuntural y proceso político. Las Fases del conflicto en Chile 1970 - 1973 /  |c Manuel A. Garretón 
260 |a San José:   |b EDUCA  
300 |a 113 p  
700 |a Moulian, Tomás  
999 |c 15966  |d 15966